SELECT CONSTITUTIONS (Record no. 27977)

MARC details
000 -LEADER
fixed length control field 00379nam a22001577a 4500
003 - CONTROL NUMBER IDENTIFIER
control field SGT
020 ## - INTERNATIONAL STANDARD BOOK NUMBER
International Standard Book Number 9789355010933
082 ## - DEWEY DECIMAL CLASSIFICATION NUMBER
Classification number 342
Item number KAP
100 ## - MAIN ENTRY--PERSONAL NAME
Personal name KAPUR ANUP CHAND
245 ## - TITLE STATEMENT
Title SELECT CONSTITUTIONS
250 ## - EDITION STATEMENT
Edition statement 16
260 ## - PUBLICATION, DISTRIBUTION, ETC. (IMPRINT)
Place of publication, distribution, etc NEW DELHI
Name of publisher, distributor, etc S CHAND
Year of Publication 2022
300 ## - PAGE DESCRIPTION
No. of Pages 434
700 ## - ADDED ENTRY--PERSONAL NAME
Personal name UK , USA ,FRANCE ,CANADA , SWITZERLAND ,JAPAN ,CHINA , INDIA
942 ## - ADDED ENTRY ELEMENTS (KOHA)
Source of classification or shelving scheme Dewey Decimal Classification
Koha item type Books
Holdings
Withdrawn status Lost status Source of classification or shelving scheme Damaged status Not for loan Collection code Home library Current library Shelving location Date acquired Vendor Name Cost, normal purchase price SGTU Bill Number Full call number Accession No. (Barcode) Date last seen Bill Date Koha item type Total Checkouts
    Dewey Decimal Classification   Not For Loan LAW SGT Science & Social Sciences Library SGT Science & Social Sciences Library Reference Book 06/12/2024 COMMERCIAL BOOK HOUSE 850.00 SGTU 994 342 KAP FL3694 06/12/2024 05/11/2024 Books  
    Dewey Decimal Classification     LAW SGT Science & Social Sciences Library SGT Science & Social Sciences Library Text Book 06/12/2024 COMMERCIAL BOOK HOUSE 850.00 SGTU 994 342 KAP FL3695 06/12/2024 05/11/2024 Books